Mexique ancien
Guardado en:
| Autor principal: | |
|---|---|
| Formato: | Libro |
| Lenguaje: | francés |
| Publicado: |
París
Office of Livre
1967
|
| Colección: | Architecture universelle
|
| Materias: | |
| Etiquetas: |
Agregar Etiqueta
Sin Etiquetas, Sea el primero en etiquetar este registro!
|
MARC
| LEADER | 00000nam a2200000 a 4500 | ||
|---|---|---|---|
| 001 | UCY4907 | ||
| 003 | CL-VaPUC | ||
| 008 | 950405e19670000FR |||||||||||||||||fre|d | ||
| 082 | 0 | 4 | |a 720.972 |b STI |2 21 |
| 100 | 0 | |a Stierlin, Henri |e author |9 333428 | |
| 245 | 1 | 0 | |a Mexique ancien |
| 300 | |a 192 p | ||
| 942 | |c BK | ||
| 945 | |d 19950405 00:00:00 |a oaravena | ||
| 260 | |a París |b Office of Livre |c 1967 | ||
| 650 | 0 | |a Arquitectura precolombina |9 333429 | |
| 650 | 7 | |a DISEÑOS Y PLANOS |2 CL-VaPUC |9 262672 | |
| 583 | |a last modification |c 19950405 00:00:00 |k Rodrigo Vera | ||
| 490 | 0 | |a Architecture universelle | |
| 999 | |c 232656 |d 232654 | ||
| 952 | |0 0 |1 0 |4 0 |6 720_972000000000000_STI_1967 |7 0 |8 R |9 237458 |a BIBARQ |b BIBARQ |d 2019-11-15 |i 3073963 |o 720.972 STI 1967 |p 3073963 |r 2025-01-20 |w 2019-11-15 |y BK_R |k ARQ | ||